| Tag |
First Indicator |
Second Indicator |
Subfields |
| LEADER |
00000cjm a2200000Ia 4500 |
| 001 |
in00002443621 |
| 005 |
20151110041105.0 |
| 007 |
sd fsngnn|||ed |
| 008 |
960612s1994 enkmun fi zxx d |
| 028 |
0 |
2 |
|a CD DCA 878
|b ASV
|
| 029 |
1 |
|
|a AU@
|b 000021812488
|
| 035 |
|
|
|a (OCoLC)ocm34918232
|
| 035 |
|
|
|a (OCoLC)34918232
|
| 040 |
|
|
|a INU
|c INU
|d OCLCQ
|d BTCTA
|d OCLCG
|d UtOrBLW
|
| 041 |
0 |
|
|g eng
|g fre
|g ger
|h eng
|
| 047 |
|
|
|a su
|a wz
|
| 049 |
|
|
|a TXAM
|
| 050 |
|
4 |
|a M1520.L34
|b N3 1998
|
| 082 |
0 |
4 |
|a 781
|
| 100 |
1 |
|
|a Lalo, Edouard,
|d 1823-1892.
|
| 240 |
1 |
0 |
|a Namouna.
|k Selections
|
| 245 |
1 |
0 |
|a Namouna :
|b ballet suites /
|c Lalo. Mors et vita-Judex / Gounod.
|
| 264 |
|
1 |
|a London :
|b ASV,
|c [1994]
|
| 264 |
|
4 |
|c ℗1994
|
| 300 |
|
|
|a 1 sound disc :
|b digital, stereo. ;
|c 4 3/4 in.
|
| 336 |
|
|
|a performed music
|b prm
|2 rdacontent
|
| 337 |
|
|
|a audio
|b s
|2 rdamedia
|
| 338 |
|
|
|a audio disc
|b sd
|2 rdacarrier
|
| 511 |
0 |
|
|a Royal Philharmonic Orchestra ; Yondani Butt, conductor.
|
| 518 |
|
|
|a Recorded at The Henry Wood Hall, London.
|
| 500 |
|
|
|a Compact disc.
|
| 500 |
|
|
|a Program notes in English with French and German translations inserted in container.
|
| 505 |
0 |
|
|a Namouna. Suite no. 1 ; Valse de la cigarette ; Suite no. 2 / Edouard Lalo -- Mors et vita. Judex / Charles Gounod.
|
| 500 |
|
|
|a Sound recording.
|
| 650 |
|
0 |
|a Ballets
|v Excerpts.
|
| 650 |
|
0 |
|a Suites (Orchestra)
|
| 650 |
|
0 |
|a Waltzes (Orchestra)
|
| 650 |
|
0 |
|a Oratorios
|v Excerpts.
|
| 650 |
|
0 |
|a Orchestral music.
|
| 700 |
1 |
|
|a Butt, Yondani,
|e conductor.
|
| 700 |
1 |
2 |
|a Lalo, Edouard,
|d 1823-1892.
|t Namouna.
|p Suite,
|n no. 1-2.
|
| 700 |
1 |
2 |
|a Lalo, Edouard,
|d 1823-1892.
|t Namouna.
|p Valse de la cigarette.
|
| 700 |
1 |
2 |
|a Gounod, Charles,
|d 1818-1893.
|t Mors et vita.
|p Judex.
|
| 710 |
2 |
|
|a Royal Philharmonic Orchestra,
|e performer.
|
| 740 |
0 |
2 |
|a Valse de la cigarette.
|
| 740 |
0 |
2 |
|a Judex.
|
| 938 |
|
|
|a Baker and Taylor
|b BTCP
|n be2001017694
|
| 948 |
|
|
|a cataloged
|b h
|c 2009/1/14
|d c
|e bhartsfi
|f 8:52:20 am
|
| 994 |
|
|
|a C0
|b TXA
|
| 999 |
|
|
|a MARS
|
| 999 |
f |
f |
|s e993c4d7-6eff-3022-9a35-8991e3045c61
|i ec556cb3-beeb-3e1c-98d2-2b5ebf55abd3
|t 0
|
| 952 |
f |
f |
|p ric
|a Texas A&M University
|b Rellis Campus
|c Joint Library Facility
|d Remote Storage
|t 0
|e M1520.L34 N3 1998
|h Library of Congress classification
|i audio -- audio disc
|m A14837531186
|
| 998 |
f |
f |
|a M1520.L34 N3 1998
|t 0
|l Remote Storage
|